[Event "POL-chT3 Kujawsko Pomorskie 0910"]
[Site "Poland"]
[Date "2010.05.09"]
[Round "11.17"]
[White "Milewski, Henryk"]
[Black "Brzezinski, Mateusz"]
[Result "1/2-1/2"]
[WhiteElo "1802"]
[BlackElo "1966"]
[PlyCount "96"]
[EventDate "2009.11.08"]
[EventType "team-tourn"]
[EventRounds "11"]
[EventCountry "POL"]
[SourceTitle "EXT 2020"]
[Source "ChessBase"]
[SourceDate "2019.10.17"]
[SourceVersion "1"]
[SourceVersionDate "2019.10.17"]
[SourceQuality "1"]

1. e4 c5 2. Nf3 Nc6 3. d4 cxd4 4. Nxd4 Nf6 5. Nc3 e5 6. Nxc6 bxc6 7. Bg5 Bb4 8. Bd2 Bxc3 9. Bxc3 Nxe4 10. Qe2 d5 11. f3 Nxc3 12. Qxe5+ Kd7 13. Qxc3 Re8+ 14. Kf2 Qb6+ 15. Kg3 f6 16. Bd3 Re5 17. h4 Ba6 18. Rhe1 Rae8 19. b3 Bxd3 20. cxd3 d4 21. Qd2 Re3 22. Rxe3 dxe3 23. Qc3 Qc7+ 24. f4 Qd6 25. Qc4 g5 26. hxg5 fxg5 27. Rf1 e2 28. Re1 gxf4+ 29. Kf3 Qe5 30. Qxf4 Qd5+ 31. Kf2 Qh5 32. Kg1 Re6 33. Qd4+ Kc8 34. Qxa7 Rh6 35. Qe7 Qh2+ 36. Kf2 Rg6 37. Qe4 Qg3+ 38. Kxe2 Qxg2+ 39. Kd1 Qxe4 40. dxe4 Kd7 41. Kd2 Kd6 42. a3 Ke5 43. Kd3 Rd6+ 44. Kc3 h6 45. a4 h5 46. a5 h4 47. Kc4 h3 48. Kc5 h2 1/2-1/2

[Event "POL-chT3 Kujawsko Pomorskie 0910"]
[Site "Poland"]
[Date "2010.04.26"]
[Round "10.11"]
[White "Bartosik, Piotr1111"]
[Black "Milewski, Henryk"]
[Result "1-0"]
[WhiteElo "1973"]
[BlackElo "1802"]
[PlyCount "65"]
[EventDate "2009.11.08"]
[EventType "team-tourn"]
[EventRounds "11"]
[EventCountry "POL"]
[SourceTitle "EXT 2020"]
[Source "ChessBase"]
[SourceDate "2019.10.17"]
[SourceVersion "1"]
[SourceVersionDate "2019.10.17"]
[SourceQuality "1"]

1. e4 e5 2. Nc3 Nc6 3. Bc4 Nf6 4. d3 Na5 5. Bg5 Be7 6. Qd2 Nxc4 7. dxc4 d6 8. Nge2 Be6 9. b3 0-0 10. 0-0 h6 11. Bxf6 Bxf6 12. Nd5 Bxd5 13. Qxd5 c6 14. Qd3 Qa5 15. a3 Rad8 16. b4 Qa6 17. Rad1 Rd7 18. Ng3 Rfd8 19. Nf5 d5 20. cxd5 Qxd3 21. Rxd3 cxd5 22. Rfd1 d4 23. c3 Rc7 24. cxd4 exd4 25. f4 Rdc8 26. e5 Bd8 27. Rxd4 Be7 28. Rd7 Bf8 29. Rxc7 Rxc7 30. Rd8 h5 31. Kf2 g6 32. Nd6 Kg7 33. Ne8+ 1-0

[Event "POL-chT3 Kujawsko Pomorskie 0910"]
[Site "Poland"]
[Date "2010.02.21"]
[Round "8.11"]
[White "Budrewicz, Jan"]
[Black "Milewski, Henryk"]
[Result "1-0"]
[WhiteElo "1996"]
[BlackElo "1802"]
[PlyCount "79"]
[EventDate "2009.11.08"]
[EventType "team-tourn"]
[EventRounds "11"]
[EventCountry "POL"]
[SourceTitle "EXT 2020"]
[Source "ChessBase"]
[SourceDate "2019.10.17"]
[SourceVersion "1"]
[SourceVersionDate "2019.10.17"]
[SourceQuality "1"]

1. e4 c6 2. d4 d5 3. e5 e6 4. Bd3 Nd7 5. f4 c5 6. c3 cxd4 7. cxd4 Bb4+ 8. Kf2 Qb6 9. Nf3 Nh6 10. a3 Be7 11. Nc3 f5 12. h3 Qd8 13. Be3 a6 14. b4 b5 15. Nd2 0-0 16. Nb3 Ra7 17. Nb1 g5 18. Qh5 gxf4 19. Bxf4 Nf7 20. h4 Qe8 21. N1d2 Nfxe5 22. Qxe8 Nxd3+ 23. Ke3 Rxe8 24. Kxd3 Nf6 25. Nf3 Ng4 26. Ra2 Bd7 27. Rc2 Raa8 28. Rhc1 Rac8 29. Rc7 Rxc7 30. Rxc7 Bc8 31. Na5 Nf2+ 32. Ke2 Ne4 33. Nc6 Bd6 34. Bxd6 Nxd6 35. Ng5 Rf8 36. Rxh7 Re8 37. h5 f4 38. Ne7+ Kf8 39. Ng6+ Kg8 40. h6 1-0

[Event "Ketrzyn op-B 12th"]
[Site "Ketrzyn"]
[Date "2009.12.28"]
[Round "3"]
[White "Milewski, Henryk"]
[Black "Zielinski, Wojciech"]
[Result "0-1"]
[WhiteElo "1802"]
[BlackElo "1978"]
[PlyCount "66"]
[EventDate "2009.12.27"]
[EventType "swiss"]
[EventRounds "9"]
[EventCountry "POL"]
[SourceTitle "EXT 2011"]
[Source "ChessBase"]
[SourceDate "2010.11.26"]
[SourceVersion "1"]
[SourceVersionDate "2010.11.26"]
[SourceQuality "1"]

1. e4 e6 2. d4 d5 3. exd5 exd5 4. Bd3 Bd6 5. Nc3 Nf6 6. Bg5 Be6 7. Nf3 Nbd7 8. Qd2 c6 9. Ne2 Qc7 10. Bf4 0-0-0 11. Bxd6 Qxd6 12. b4 Ne4 13. Bxe4 dxe4 14. Ng5 Bd5 15. 0-0 h6 16. Nh3 g5 17. a4 f5 18. b5 f4 19. Nc3 f3 20. Nxd5 cxd5 21. Kh1 fxg2+ 22. Kxg2 Rhf8 23. Ng1 Rf4 24. f3 Nf6 25. fxe4 Nxe4 26. Qe3 Rdf8 27. Rxf4 gxf4 28. Qh3+ Kb8 29. Nf3 Qc7 30. Qxh6 Rg8+ 31. Kh3 Nf2+ 32. Kh4 Rg4+ 33. Kh5 Qf7+ 0-1

[Event "Ostroda op-B 4th"]
[Site "Ostroda"]
[Date "2007.08.10"]
[Round "7"]
[White "Milewski, Henryk"]
[Black "Somerski, Wojciech"]
[Result "1/2-1/2"]
[WhiteElo "1828"]
[BlackElo "1800"]
[PlyCount "77"]
[EventDate "2007.08.06"]
[EventType "swiss"]
[EventRounds "9"]
[EventCountry "POL"]
[SourceTitle "EXT 2023"]
[Source "ChessBase"]
[SourceDate "2022.10.05"]
[SourceVersion "1"]
[SourceVersionDate "2022.10.05"]
[SourceQuality "1"]

1. e4 e6 2. d4 d5 3. exd5 exd5 4. Nf3 Nf6 5. Be2 Bd6 6. Nc3 Bf5 7. Bg5 c6 8. Ne5 0-0 9. g4 Bg6 10. f4 h6 11. Bh4 Be7 12. Bg3 Ne4 13. Nxg6 fxg6 14. Nxe4 dxe4 15. c3 Qb6 16. Qc2 Nd7 17. 0-0-0 Rae8 18. Rdf1 Qc7 19. Bc4+ Kh7 20. h4 Bd6 21. Qh2 Nf6 22. Qe2 Nd5 23. Bxd5 cxd5 24. Qe3 Rf7 25. Rf2 Ref8 26. Rhf1 b5 27. f5 Bxg3 28. fxg6+ Kxg6 29. h5+ Kh7 30. Rxf7 Rxf7 31. Rxf7 Qxf7 32. Qxg3 Qd7 33. g5 hxg5 34. Qxg5 Qe6 35. Kc2 a5 36. a3 Qd6 37. Kd1 a4 38. Ke1 Qe6 39. Ke2 1/2-1/2

[Event "Kowalewo Pomorskie op-B"]
[Site "Kowalewo Pomorskie"]
[Date "2007.07.14"]
[Round "7.23"]
[White "Milewski, Henryk"]
[Black "Kaminski, Damian"]
[Result "0-1"]
[WhiteElo "1828"]
[BlackElo "1792"]
[PlyCount "120"]
[EventDate "2007.07.04"]
[EventType "swiss"]
[EventRounds "9"]
[EventCountry "POL"]
[SourceTitle "EXT 2023"]
[Source "ChessBase"]
[SourceDate "2022.10.05"]
[SourceVersion "1"]
[SourceVersionDate "2022.10.05"]
[SourceQuality "1"]

1. e4 c5 2. Nf3 Nc6 3. c3 d5 4. exd5 Qxd5 5. Be2 g6 6. 0-0 Bg7 7. Qa4 Bd7 8. Qc4 Nf6 9. Qxd5 Nxd5 10. Bc4 Nb6 11. Bb3 0-0 12. d3 Bg4 13. Ng5 e6 14. f3 Bf5 15. Ne4 Bxe4 16. fxe4 Rad8 17. Bc2 Ne5 18. Rd1 Rd7 19. Bf4 Ng4 20. h3 Nf6 21. Nd2 Nh5 22. Be3 Rc8 23. Nf3 Bf6 24. Rf1 Rdc7 25. g4 Ng7 26. Bf4 Rd7 27. Rf2 Ne8 28. Raf1 Re7 29. g5 Bg7 30. Be5 Nd7 31. Bxg7 Kxg7 32. Ba4 Nd6 33. e5 Nf5 34. Re1 Nb6 35. Bc2 Rd7 36. Nd2 Nd5 37. Ne4 b5 38. Nf6 Rdd8 39. a4 a6 40. axb5 axb5 41. Ra1 Nde3 42. Bb1 Ra8 43. Rxa8 Rxa8 44. b3 Nd1 45. Rc2 Ra1 46. Rc1 Nxc3 47. Rxc3 Rxb1+ 48. Kf2 Rb2+ 49. Ke1 Rb1+ 50. Kd2 Nd4 51. Ne4 Rb2+ 52. Kc1 Rh2 53. Kb1 b4 54. Rxc5 Nxb3 55. Rb5 Nd2+ 56. Nxd2 Rxd2 57. Rxb4 Rxd3 58. h4 Re3 59. Kc2 Rxe5 60. Kd3 h6 0-1

[Event "Kowalewo Pomorskie op-B"]
[Site "Kowalewo Pomorskie"]
[Date "2007.07.08"]
[Round "6.19"]
[White "Kochanska, Bogumila"]
[Black "Milewski, Henryk"]
[Result "1-0"]
[WhiteElo "1770"]
[BlackElo "1828"]
[PlyCount "75"]
[EventDate "2007.07.04"]
[EventType "swiss"]
[EventRounds "9"]
[EventCountry "POL"]
[SourceTitle "EXT 2023"]
[Source "ChessBase"]
[SourceDate "2022.10.05"]
[SourceVersion "1"]
[SourceVersionDate "2022.10.05"]
[SourceQuality "1"]

1. c4 e5 2. Nc3 Nf6 3. g3 Bb4 4. Bg2 Nc6 5. Nf3 0-0 6. d3 d6 7. 0-0 h6 8. a3 Bxc3 9. bxc3 Be6 10. Rb1 Qc8 11. Re1 Rb8 12. a4 Bh3 13. Bh1 Qg4 14. Be3 b6 15. Ng5 hxg5 16. Bxc6 Qh5 17. Qd2 Nh7 18. d4 Bf5 19. Rb2 Be6 20. c5 f5 21. dxe5 dxe5 22. Bd5 Kf7 23. cxb6 cxb6 24. Rb5 Rbd8 25. Bxe6+ Kxe6 26. Qa2+ Kf6 27. Bxb6 Rd7 28. Bxa7 Kg6 29. Qe6+ Nf6 30. Bc5 Rh8 31. h4 gxh4 32. Qxe5 hxg3 33. Qxg3+ Ng4 34. Kg2 Qg5 35. f3 Rh2+ 36. Kg1 Rh4 37. Rb4 Qh6 38. Rb6+ 1-0

[Event "POL-chT Region 0607"]
[Site "Poland"]
[Date "2007.01.28"]
[Round "6"]
[White "Milewski, Henryk"]
[Black "Pawlowski, Pawel"]
[Result "1/2-1/2"]
[WhiteElo "1845"]
[BlackElo "1950"]
[PlyCount "85"]
[EventDate "2006.11.12"]
[EventType "team"]
[EventRounds "11"]
[EventCountry "POL"]
[SourceTitle "EXT 2008"]
[Source "ChessBase"]
[SourceDate "2007.11.25"]
[SourceVersion "1"]
[SourceVersionDate "2007.11.25"]
[SourceQuality "1"]

1. e4 e6 2. Nf3 d5 3. exd5 exd5 4. d4 Bd6 5. Nc3 Ne7 6. Bd3 Bg4 7. Bg5 f6 8. Bh4 Nbc6 9. Nb5 Bf4 10. c3 a6 11. Na3 Nf5 12. Bg3 Qe7+ 13. Qe2 Qxe2+ 14. Bxe2 Nxg3 15. hxg3 Bh6 16. Nc2 0-0-0 17. Kf1 Bf5 18. Nce1 Rhe8 19. Nh4 Be6 20. f4 Re7 21. Bd3 Rh8 22. Nhf3 Nd8 23. Nc2 Nf7 24. Nb4 c6 25. Re1 a5 26. Nxd5 cxd5 27. f5 Ng5 28. Nxg5 Bxg5 29. fxe6 h6 30. c4 Rd8 31. c5 Kc7 32. Kf2 b6 33. cxb6+ Kxb6 34. a4 Rd6 35. Bf5 g6 36. Bxg6 Rdxe6 37. Rxe6+ Rxe6 38. Bf7 Re4 39. Rd1 Be3+ 40. Kf3 Rxd4 41. Rxd4 Bxd4 42. Bxd5 Bxb2 43. Be6 1/2-1/2

[Event "POL-chT Region 0607"]
[Site "Poland"]
[Date "2006.11.12"]
[Round "1"]
[White "Wisniewski, Boguslaw"]
[Black "Milewski, Henryk"]
[Result "0-1"]
[WhiteElo "1600"]
[BlackElo "1845"]
[PlyCount "152"]
[EventDate "2006.11.12"]
[EventType "team"]
[EventRounds "11"]
[EventCountry "POL"]
[SourceTitle "EXT 2008"]
[Source "ChessBase"]
[SourceDate "2007.11.25"]
[SourceVersion "1"]
[SourceVersionDate "2007.11.25"]
[SourceQuality "1"]

1. e4 c5 2. Nc3 e6 3. Nf3 Nc6 4. Bb5 Qb6 5. 0-0 a6 6. Bxc6 Qxc6 7. d3 Be7 8. Ne5 Qc7 9. Bf4 d6 10. Nf3 Nf6 11. h3 e5 12. Bg5 h6 13. Bxf6 gxf6 14. Nd5 Qd8 15. Nh4 Rg8 16. Kh2 Rg5 17. f4 exf4 18. Rxf4 Be6 19. Nxe7 Kxe7 20. Qf3 Qh8 21. Rf1 Rag8 22. Rf2 h5 23. Rxf6 Qg7 24. Nf5+ Bxf5 25. Rxf5 Rxf5 26. exf5 Qe5+ 27. Qf4 h4 28. c3 Rg5 29. d4 cxd4 30. cxd4 Qxf4+ 31. Rxf4 Rh5 32. Re4+ Kf6 33. Kg1 Kxf5 34. Re7 Kf6 35. Rxb7 Ra5 36. a3 Ra4 37. Rb6 Ke6 38. Kf2 Rxd4 39. Ke3 Ra4 40. Kd3 Ke5 41. Kc3 d5 42. Rh6 a5 43. Rh5+ f5 44. Rh8 Rc4+ 45. Kd3 a4 46. Re8+ Kf4 47. Rd8 Rc1 48. Kd2 Rg1 49. Rxd5 Rxg2+ 50. Kc1 Re2 51. Rd4+ Re4 52. Rd3 Re3 53. Rd4+ Kg3 54. Rxa4 f4 55. Kd2 Rb3 56. Kc2 Rb8 57. Ra7 Rf8 58. Kd2 Re8 59. Rg7+ Kxh3 60. Rf7 Kg3 61. Rg7+ Kf2 62. Rh7 Re2+ 63. Kc3 Re3+ 64. Kd2 h3 65. Rh4 Kg3 66. Rh8 Kg2 67. Rf8 Rf3 68. Ke2 h2 69. Rh8 Rh3 70. Rg8+ Rg3 71. Rh8 h1Q 72. Rxh1 Kxh1 73. Kd2 Rg2+ 74. Kc3 f3 75. b4 f2 76. a4 f1Q 0-1

[Event "Ostroda op"]
[Site "Ostroda"]
[Date "2006.08.13"]
[Round "9.12"]
[White "Milewski, Henryk"]
[Black "Olszewski, Marek"]
[Result "0-1"]
[WhiteElo "1939"]
[BlackElo "2152"]
[PlyCount "100"]
[EventDate "2006.08.07"]
[EventType "swiss"]
[EventRounds "9"]
[EventCountry "POL"]
[SourceTitle "CBM 113 Extra"]
[Source "ChessBase"]
[SourceDate "2006.09.14"]
[SourceVersion "1"]
[SourceVersionDate "2006.09.14"]
[SourceQuality "1"]

1. e4 Nc6 2. Nf3 d6 3. d4 Nf6 4. Nc3 Bg4 5. Bb5 a6 6. Bxc6+ bxc6 7. Qd3 e6 8. h3 Bh5 9. 0-0 Be7 10. Be3 0-0 11. Nd2 Bg6 12. Qc4 Qd7 13. Qe2 h6 14. f3 Nh7 15. f4 f6 16. Qg4 Be8 17. f5 exf5 18. exf5 Kh8 19. h4 h5 20. Qe4 Bf7 21. Ne2 d5 22. Qd3 Bd6 23. Bf4 c5 24. Bxd6 Qxd6 25. Nf4 Rfe8 26. Qg3 cxd4 27. Ng6+ Bxg6 28. Qxg6 Re3 29. Nf3 Re4 30. Qxh5 Kg8 31. Rae1 c5 32. Qg6 Nf8 33. Qh5 Qe7 34. g4 Qe8 35. Qxe8 Raxe8 36. Kf2 Nd7 37. Rxe4 dxe4 38. Re1 Kf7 39. Ng1 e3+ 40. Ke2 Rb8 41. b3 Ne5 42. g5 Rh8 43. g6+ Ke7 44. Nf3 Nxf3 45. Kxf3 Rxh4 46. c3 Kd6 47. cxd4 cxd4 48. Rd1 Ke5 49. Re1 Rf4+ 50. Ke2 Rf2+ 0-1

[Event "Ostroda op"]
[Site "Ostroda"]
[Date "2006.08.10"]
[Round "5.14"]
[White "Wesolowska, Edyta"]
[Black "Milewski, Henryk"]
[Result "1-0"]
[WhiteElo "1898"]
[BlackElo "1939"]
[PlyCount "107"]
[EventDate "2006.08.07"]
[EventType "swiss"]
[EventRounds "9"]
[EventCountry "POL"]
[SourceTitle "CBM 113 Extra"]
[Source "ChessBase"]
[SourceDate "2006.09.14"]
[SourceVersion "1"]
[SourceVersionDate "2006.09.14"]
[SourceQuality "1"]

1. d4 c6 2. c4 d5 3. e3 Bf5 4. Nc3 e6 5. Nf3 Bb4 6. Bd2 Nf6 7. Be2 Nbd7 8. 0-0 0-0 9. Nh4 Bxc3 10. Bxc3 Ne4 11. Nxf5 Nxc3 12. bxc3 exf5 13. cxd5 cxd5 14. Qb3 Nb6 15. a4 a5 16. Rab1 Nc8 17. Qxb7 Ne7 18. Qb3 Rb8 19. Qc2 Qc7 20. Rb5 Rxb5 21. Bxb5 Rc8 22. Rc1 f4 23. Qe2 Kf8 24. c4 dxc4 25. Rxc4 Qb8 26. Rxc8+ Qxc8 27. Qc4 Qxc4 28. Bxc4 fxe3 29. fxe3 Nc8 30. Kf2 Nd6 31. Bd5 Ke7 32. Kf3 f6 33. g4 Nc8 34. e4 Nb6 35. Bb3 Kd6 36. Kf4 Nd7 37. h4 g6 38. g5 Ke7 39. Bg8 Kf8 40. Bb3 Ke7 41. Bc4 Nf8 42. gxf6+ Kxf6 43. e5+ Ke7 44. d5 h6 45. Ke4 Nd7 46. Kd4 g5 47. hxg5 hxg5 48. d6+ Kd8 49. e6 Nf6 50. Ke5 Ng4+ 51. Ke4 Nf6+ 52. Kf5 Ne8 53. e7+ Kc8 54. Ke6 1-0

[Event "Ostroda op"]
[Site "Ostroda"]
[Date "2006.08.08"]
[Round "2.11"]
[White "Obiedzinski, Pawel"]
[Black "Milewski, Henryk"]
[Result "1-0"]
[WhiteElo "2037"]
[BlackElo "1939"]
[PlyCount "65"]
[EventDate "2006.08.07"]
[EventType "swiss"]
[EventRounds "9"]
[EventCountry "POL"]
[SourceTitle "CBM 113 Extra"]
[Source "ChessBase"]
[SourceDate "2006.09.14"]
[SourceVersion "1"]
[SourceVersionDate "2006.09.14"]
[SourceQuality "1"]

1. d4 c6 2. e4 d5 3. exd5 cxd5 4. Bd3 Nf6 5. c3 Nc6 6. h3 e5 7. dxe5 Nxe5 8. Bc2 Bc5 9. Ne2 0-0 10. Nd2 Qb6 11. 0-0 Rd8 12. Nb3 Be6 13. Nxc5 Qxc5 14. Bg5 Ned7 15. Qd3 g6 16. Nd4 Re8 17. Kh1 Ne4 18. Bh4 Qf8 19. Qe3 f5 20. Bxe4 dxe4 21. Nxe6 Rxe6 22. Rad1 Nb6 23. Rd4 Rae8 24. Bg5 Nc8 25. Rfd1 Rd6 26. Rxd6 Nxd6 27. Qxa7 Ra8 28. Qc5 Nf7 29. Qc4 Rc8 30. Qb3 Kg7 31. Rd7 Rc6 32. Qxb7 Rd6 33. Be7 1-0

[Event "Chojnice op-A 2nd"]
[Site "Chojnice"]
[Date "2006.??.??"]
[Round "3"]
[White "Michalska, Maria"]
[Black "Milewski, Henryk"]
[Result "1/2-1/2"]
[WhiteElo "2078"]
[BlackElo "1939"]
[PlyCount "52"]
[EventDate "2006.07.??"]
[EventType "swiss"]
[EventRounds "9"]
[EventCountry "POL"]
[SourceTitle "EXT 2007"]
[Source "ChessBase"]
[SourceDate "2006.11.23"]
[SourceVersion "1"]
[SourceVersionDate "2006.11.23"]
[SourceQuality "1"]

1. Nf3 Nf6 2. g3 c6 3. Bg2 d5 4. 0-0 e6 5. d3 Bd6 6. Nc3 0-0 7. e4 dxe4 8. Nxe4 Nxe4 9. dxe4 Qc7 10. Qe2 e5 11. Be3 Bg4 12. h3 Bxf3 13. Bxf3 Nd7 14. Rad1 Nf6 15. Bg2 h6 16. f4 Qe7 17. Bc1 Rad8 18. Kh1 Bc7 19. Rde1 Rd7 20. f5 Rfd8 21. g4 Nh7 22. Qf2 Bb6 23. Qg3 Rd4 24. h4 Ba5 25. c3 Rd3 26. Bf3 R8d6 1/2-1/2